Missing Countries on a Map - U - Statistics

General Stats
  • This quiz has been taken 2,518 times
  • The average score is 125 of 136
Answers on the Map
Answers color-coded by a green-red scale on the quiz's map according to % correct below.
 
Answer Stats
Hint Answer % Correct
C Canada
100%
A Argentina
99%
B Brazil
99%
M Mexico
99%
C China
98%
F France
98%
G Germany
98%
S Spain
98%
A Algeria
97%
B Bolivia
97%
E Egypt
97%
F Finland
97%
I India
97%
I Italy
97%
M Mongolia
97%
N Norway
97%
P Panama
97%
P Poland
97%
S Sweden
97%
C Chile
96%
C Colombia
96%
I Indonesia
96%
I Iran
96%
I Iraq
96%
K Kazakhstan
96%
L Libya
96%
N Niger
96%
N Nigeria
96%
A Afghanistan
95%
C Chad
95%
D Denmark
95%
J Japan
95%
M Mali
95%
O Oman
95%
P Pakistan
95%
R Romania
95%
S Slovakia
95%
Y Yemen
95%
A Angola
94%
C Costa Rica
94%
E Ethiopia
94%
G Greece
94%
K Kenya
94%
L Laos
94%
M Morocco
94%
N Nepal
94%
S Serbia
94%
S Switzerland
94%
T Togo
94%
V Vietnam
94%
Z Zambia
94%
Z Zimbabwe
94%
B Botswana
93%
C Croatia
93%
G Ghana
93%
I Ireland
93%
K Kosovo
93%
N Namibia
93%
N North Korea
93%
S Slovenia
93%
T Tanzania
93%
T Thailand
93%
A Albania
92%
B Bahamas
92%
B Benin
92%
B Bosnia and Herzegovina
92%
C Cameroon
92%
E Estonia
92%
F Fiji
92%
H Haiti
92%
J Jamaica
92%
J Jordan
92%
L Latvia
92%
L Lesotho
92%
M Myanmar
92%
N Netherlands
92%
N New Zealand
92%
S Senegal
92%
C Cambodia
91%
E Eritrea
91%
G Gabon
91%
I Ivory Coast
91%
K Kyrgyzstan
91%
M Madagascar
91%
M Moldova
91%
S Somalia
91%
T Tajikistan
91%
V Vatican City
91%
A Andorra
90%
A Armenia
90%
A Azerbaijan
90%
B Bangladesh
90%
E eSwatini
90%
G Georgia
90%
I Iceland
90%
I Israel
90%
M Malaysia
90%
M Malta
90%
M Montenegro
90%
P Philippines
90%
Q Qatar
90%
B Belize
89%
G Gambia
89%
K Kiribati
89%
L Liberia
89%
N North Macedonia
89%
S San Marino
89%
S Syria
89%
B Barbados
88%
M Malawi
88%
M Marshall Islands
88%
M Monaco
88%
R Rwanda
88%
S Samoa
88%
S Seychelles
88%
T Taiwan
88%
C Comoros
87%
E El Salvador
87%
L Liechtenstein
87%
S Solomon Islands
87%
T Tonga
87%
F Federated States of Micronesia
86%
S Saint Kitts and Nevis
86%
S Saint Vincent and the Grenadines
86%
S Sri Lanka
86%
T Trinidad and Tobago
86%
B Bahrain
85%
L Lebanon
85%
M Maldives
85%
C Cape Verde
84%
D Dominica
84%
S Sierra Leone
84%
G Grenada
83%
S Singapore
82%
S São Tomé and Príncipe
80%
E East Timor
79%
No matching quizzes found
Score Distribution
Percent of People with Each Score
Percentile by Number Answered
Your Score History
You have not taken this quiz